000 00849nam a2200265Ia 4500
008 160319s9999 xx 000 0 und d
245 _aShapes and colors! /
245 _cNick Jr. Productions [and] Nickelodeon ; writers, Adam Peltzman, Jennifer Twomey Perello ; directors, Bruce Caines, Koyalee Chanda.
260 _bDolby Digital.
260 _c2005
300 _a1 videodisc (96 min.) 
300 _bsound, colored ;
300 _c4 3/4 in.
440 _aBlue's clues ABC's, 123's and more DVD collection.
650 _aBlue (Fictitious character) --
650 _aColor in art --
650 _aColors --
650 _aPreschool children --
650 _aShapes --
650 _xJuvenile films.
650 _xJuvenile films.
650 _xJuvenile films.
650 _xJuvenile films.
650 _xJuvenile films.
999 _c292714
_d292714